A Kassai Kath. Legényegyesület Évkönyve 1887. Április 17.-1890. Május 30-Ig : Vagyis A Szervezkedéstől A Mai Napig

Bibliographic Details
Corporate Author: Ries, Ľudovít (Printer)
Format: Book
Language:Hungarian
Published: Kassa : Nyomatott Ries Lajos Könyvnyomó-Intézetében, 1890
Subjects:
Call Number: IV.101101
LEADER 01561nam a2200385 a 4500
001 000014064
005 20191016140336.0
008 940719s1890 xo e hun
FMT
040 |a SVKKK  |b slo  |c SVKKK  |e AACR2 
041 0 |a hun 
044 |a xo  |c SK 
080 |a 061.2 
080 |a 348.328.2 
080 |a (058) 
130 2 |a A Kassai 
245 0 2 |a A Kassai Kath. Legényegyesület Évkönyve 1887. Április 17.-1890. Május 30-Ig :  |b Vagyis A Szervezkedéstől A Mai Napig 
260 |a Kassa :  |b Nyomatott Ries Lajos Könyvnyomó-Intézetében,  |c 1890 
300 |a 90,[2] s. 1/8-5/8,6/6 [=46] list.  |b Tab.  |c 8°. 24x16 cm 
500 |a Linka ozdobná, typograf. ozdoby 
505 2 |a Na s. 83-90 dodatok z časov. rozpätia máj-dec. 1890. 
561 |a Peč.: Štátna vedecká knižnica v Košiciach. 
563 |a Brož., zelený papier, na pred. obálke rámcová ornam.-link. výzd., typograf. ozdoba a údaje ako na titl. liste až na rozpätie dátumu "1887. Április 17.-1890. Deczember 31-Ig." a rok vydania "1891", okolo ornam.-link. rámu text "Isten Áldja A Tisztes Ipart! Egyesség És Szeretet. Vallás És Erény. Munkásság És Szorgalom. Vidámság És Tréfa." 
653 1 |a Katolícky tovarišský spolok 
653 1 |a Košice 
653 1 |a činnosť 
653 1 |a ročenky 
710 0 |a Ries, Ľudovít,  |c Košice,  |d 1885-1899  |4 prt 
752 |a Slovensko  |d Košice 
852 |p IV.101101 
904 |a a---y----fa------yyda-0001-- 
905 |a g--a0bb-  |5 ------- 
910 |a svkkk 
998 |a KASSA 
BAS